000 01032nas a2200337 4500
001 BR0604639
003 BR-BrBNA
005 20231205110436.0
007 ta
008 230509b bl.|||p| |||| 00| 00por d
040 _aBR-BrBNA
_bpor
_cBiblioteca Nacional de Agricultura
041 _a(Pt)
072 _aH50; F61; F08
100 1 _aPereira, C.
100 1 _aJunqueira, A.M.R.
100 1 _aOliveira, S.A. de
245 1 _aBalanço nutricional e incidência de queima de bordos em alface produzia em sistema hidropônico - NFT
650 _aALFACE
650 _aCÁLCIO
650 _aDEFICIÊNCIA NUTRICIONAL
650 _aFOLHA
650 _aANÁLISE FOLIAR
650 _aSOLUÇÃO NUTRITIVA
650 _aCONDUTIVIDADE ELÉTRICA
650 _aMACRONUTRIENTE
650 _aCULTIVO HIDROPÔNICO
650 _aMICROELEMENTO
773 0 _tHorticultura Brasileira (Brazil)
_xISSN 0102-0536
_g(Jul-Sep 2005), v. 23(3) p. 810-814
_wBR0604639
909 _a202311
_bLúcia
_c55
_dLúcia Elande
942 _2AGRIS
_n0
_cANA
999 _c187408
_d187408